Vận dụng binh pháp tôn tử làm giàu chiếm pháp lý trong cuộc chiến pháp lý /

Gespeichert in:
Bibliographische Detailangaben
1. Verfasser: Bùi Tường Vũ.
Format: Artikel
Sprache:Vietnamese
Schlagworte:
Tags: Tag hinzufügen
Keine Tags, Fügen Sie den ersten Tag hinzu!
Thư viện lưu trữ: Thư viện Trường Đại học Đà Lạt
LEADER 00791nam a2200265 4500
001 DLU100113308
005 ##20101115
040 # # |a DLU  |b vie 
041 # # |a vie 
044 # # |a vn 
100 # # |a Bùi Tường Vũ. 
245 # # |a Vận dụng binh pháp tôn tử làm giàu chiếm pháp lý trong cuộc chiến pháp lý /  |c Bùi Tường Vũ. 
653 # # |a Binh pháp 
653 # # |a Văn bản pháp luật 
653 # # |a Vận dụng 
773 # # |t Doanh nhân và pháp luật  |g Số 4, 2008, tr. 66-67 
920 # # |a Phòng Tạp chí -- Trung tâm Thông tin - Thư viện Trường Đại học Đà Lạt 
994 # # |a DLU 
900 # # |a True 
911 # # |a Nguyễn Thị Linh Chi 
925 # # |a G 
926 # # |a A 
927 # # |a BB 
980 # # |a Thư viện Trường Đại học Đà Lạt